Uplatnenie majetkových daní v Slovenskej republike a ich predpokladaný budúci vývoj bakalárska práca

Saved in:
Bibliographic Details
Main Author: Priecel, Róbert
Corporate Author: Národohospodárska fakulta EU. Katedra financií
Other Authors: Válek, Juraj, 1981-
Format: Book
Language:Slovak
Published: Bratislava 2012
Tags: Add Tag
No Tags, Be the first to tag this record!

MARC

LEADER 00000nbm a2200000 4500
001 0155844
005 20161109111920.5
041 0 |a slo 
044 |a SK 
245 1 0 |a Uplatnenie majetkových daní v Slovenskej republike a ich predpokladaný budúci vývoj  |b bakalárska práca  |c Róbert Priecel ; školiteľ: Juraj Válek 
264 1 |a Bratislava  |c 2012 
300 |a 32 s. 
100 1 |a Priecel, Róbert 
700 1 |a Válek, Juraj, 1981- 
710 2 |a Národohospodárska fakulta EU. Katedra financií